000 00819nam a22002537a 4500
001 46247
003 UA-OsUOA
005 20210714223726.0
007 ta
008 20120207b un ||||| |||| 00| 0 ukr d
040 _aUA-OsUOA
_bukr
_cUA-OsUOA
_dUA-OsUOA
041 _aukr
080 _a94(477).06
090 _a94(477).06
_bМ72
100 _aМлиновецький Р.
245 _aНариси з історії українських визвольних змагань 1917-1918 рр.
260 _aЧужина
_c1970
300 _a568 с.
650 7 _a9 Географія. Біографії. Історія
_2UDC
942 _cBK
_2udc
955 _a4
999 _c426355
_d426355